[Event "73rd RUS-ch Higher League 2020"]
[Site "Sochi"]
[Date "2020.10.16"]
[Round "8.8"]
[White "Predke, Alexandr"]
[Black "Demchenko, Anton"]
[Result "1-0"]
[WhiteElo "2676"]
[BlackElo "2632"]
[Annotator "TA"]
[PlyCount "75"]
[EventDate "2020.10.08"]
[EventType "swiss"]
[EventCountry "RUS"]
[SourceTitle "playchess.com"]
[Source "ChessBase"]
[SourceQuality "1"]

{[%evp 14,75,18,17,14,14,18,18,15,12,16,12,57,57,67,70,91,72,96,112,112,113,121,121,122,121,166,158,173,141,150,143,150,139,147,145,181,188,189,211,237,242,240,203,311,163,343,245,694,681,695,685,649,652,614,558,1180,1124,2739,2522,2119,2081,2243,1717]} 1. d4 Nf6 2. Nf3 g6 3. Nbd2 Bg7 4. e4 d6 5. Bd3 O-O 6. O-O c5 7. c3 cxd4 8. cxd4 e5 {B07: Pirc Defence: Miscellaneous Systems.} 9. d5 {[#]} a5 $146 ({Predecessor:} 9... Nbd7 10. Nb3 a5 11. a4 b6 12. Re1 Nc5 13. Nxc5 bxc5 14. Bd2 Ne8 15. Bc3 f5 16. Nd2 {1-0 (48) Predke,A (2684)-Sanal,V (2581) Ruma 2020}) 10. Nb1 Nbd7 {The position is equal.} 11. Nc3 Nc5 12. Be3 Bg4 13. Bxc5 dxc5 14. Bb5 $36 {[%mdl 2048] White is more active.} Qb6 {White should prevent ...Nxe4!} 15. Qd3 Bxf3 16. Qxf3 Rac8 17. Qe2 Rfd8 18. Na4 Qa7 19. b3 {[%cal Bb2b3,Bb3c4][%mdl 32]} c4 20. bxc4 Bf8 21. Rab1 Qd4 22. Rfe1 Bb4 23. Rbd1 Qa7 24. Rf1 h5 25. Kh1 Bd6 26. Rd3 Kg7 {[#]} 27. f4 $1 {[%mdl 512]} Qb8 (27... exf4 28. e5) 28. f5 Qa7 {[#]} (28... Rf8 {might work better.} 29. Qe1 Bb4) 29. Qe1 ({Don't do} 29. fxg6 $6 fxg6 30. h3 Rf8 $18) (29. g4 $142 $1 {[%mdl 512] Threatens to win with fxg6.} g5 (29... Nxg4 30. h3) 30. h4 (30. gxh5 Rh8 $18)) 29... Be7 $2 (29... g5 30. Qc1 Kh6) 30. Qg3 {Black must now prevent fxg6.} h4 $2 (30... Qb8 31. c5 (31. fxg6 fxg6 32. Nb6 Nxe4 $18) 31... Rxc5) 31. Qxe5 $18 {fxg6 is the strong threat.White is clearly winning.} Bd6 32. Qb2 {aiming for fxg6.} Qb8 33. fxg6 Be5 34. Qf2 Rh8 35. Rf3 Nxe4 36. Rxf7+ Kg8 37. Qe3 h3 38. g4 {Black got outplayed after the opening. Av CentiPawn Loss W=-40/B=-77. Weighted=-39/-108} 1-0

[Event "73rd RUS-ch Higher League 2020"]
[Site "Sochi"]
[Date "2020.10.16"]
[Round "8.9"]
[White "Sjugirov, Sanan"]
[Black "Paravyan, David"]
[Result "0-1"]
[WhiteElo "2675"]
[BlackElo "2653"]
[Annotator "TA"]
[PlyCount "32"]
[EventDate "2020.10.08"]
[EventType "swiss"]
[EventCountry "RUS"]
[SourceTitle "playchess.com"]
[Source "ChessBase"]
[SourceQuality "1"]

{[%evp 15,32,11,2,-4,0,-60,-55,-65,-51,-29,-62,-291,-299,-489,-469,-460,-442,-489,-478]} 1. e4 e5 2. Nf3 Nf6 3. d4 Nxe4 4. Bd3 d5 5. Nxe5 Bd6 6. O-O O-O 7. c4 Bxe5 {7...c5 is more advanced technology.} 8. dxe5 Nc6 9. Bf4 {C43: Petroff Defence: 3 d4.} Be6 10. Re1 {[#]} (10. Bc2 $11) 10... Nxf2 $146 {[%mdl 576] Decoy} ({Predecessor:} 10... Nc5 11. cxd5 Nxd3 12. Qxd3 Qxd5 13. Qxd5 Bxd5 14. Nc3 Be6 15. Ne4 Ne7 16. Nc5 b6 17. Nxe6 fxe6 {0-1 (31) Petrzik,J (1800)-Ptacek,J (1800) ICCF email 2005}) 11. Kxf2 {Threatens to win with cxd5.Black is slightly better.} Qh4+ $1 12. Bg3 Qd4+ 13. Re3 $2 {[#] This costs White the game.} (13. Kf1 $15 f6 14. Bxh7+ Kxh7 15. Qxd4 Nxd4 16. cxd5 Bxd5 17. Nc3) 13... f5 $1 $19 {[%cal Rf5f4] Strongly threatening ...f4!} ({Inferior is} 13... dxc4 14. Be2 $11) ({Weaker is} 13... Qxb2+ 14. Nd2 $11) 14. cxd5 $2 (14. Bc2 f4 15. Qxd4 Nxd4 16. Na3) 14... f4 {[%mdl 64] Double Attack, Pin. Black is clearly winning.} 15. Bxh7+ Kxh7 16. Qxd4 Nxd4 0-1

[Event "73rd RUS-ch Higher League 2020"]
[Site "Sochi"]
[Date "2020.10.16"]
[Round "8.10"]
[White "Zabotin, Alexander"]
[Black "Goryachkina, Aleksandra"]
[Result "0-1"]
[WhiteElo "2486"]
[BlackElo "2582"]
[Annotator "TA"]
[PlyCount "50"]
[EventDate "2020.10.08"]
[EventType "swiss"]
[EventCountry "RUS"]
[SourceTitle "playchess.com"]
[Source "ChessBase"]
[SourceQuality "1"]

{[%evp 21,50,0,15,20,20,20,26,17,33,26,29,30,35,18,22,18,18,18,19,23,27,37,29,0,19,0,0,-34,-30,-650,-638]} 1. d4 d5 2. c4 e6 3. Nc3 Nf6 4. Nf3 c6 5. e3 Nbd7 6. Qc2 Bd6 7. b3 O-O 8. Be2 b6 9. O-O Bb7 10. Bb2 Re8 11. Rad1 Rc8 12. e4 {D45: Semi-Slav: 5 e3.} Nxe4 13. Nxe4 dxe4 14. Qxe4 {White has an edge.} Nf6 15. Qh4 {[#]} h6 $5 $146 {[%mdl 8] New and interesting.} ({Predecessor:} 15... Bf8 16. Ne5 Qe7 17. Bd3 h6 18. Bc2 c5 19. dxc5 Qxc5 20. Qxf6 gxf6 21. Nd7 Qc6 22. Nxf6+ {1-0 (49) Machlik,M (1976)-Lobersli,H (1857) Fagernes 2014}) 16. Ne5 Qc7 17. Bf3 c5 18. Bxb7 Qxb7 19. Ng4 Nxg4 20. Qxg4 cxd4 21. Bxd4 {[%csl Gd4][%cal Rg4g7] [#]} Bf8 22. a4 Red8 23. Be5 Qe7 24. Rxd8 Rxd8 25. Rd1 $2 {[%mdl 8192] [#]} (25. Qf3 $11) 25... Qg5 {Av CentiPawn Loss W=-51/B=-4. Weighted=-60/-4} 0-1

[Event "73rd RUS-ch Higher League 2020"]
[Site "Sochi"]
[Date "2020.10.16"]
[Round "8.11"]
[White "Sarana, Alexey"]
[Black "Lintchevski, Daniil"]
[Result "1/2-1/2"]
[WhiteElo "2657"]
[BlackElo "2559"]
[Annotator "TA"]
[PlyCount "136"]
[EventDate "2020.10.08"]
[EventType "swiss"]
[EventCountry "RUS"]
[SourceTitle "playchess.com"]
[Source "ChessBase"]
[SourceQuality "1"]

{[%evp 15,136,16,14,14,14,14,14,14,14,14,14,16,16,16,24,24,10,16,14,29,13,20,36,51,41,44,60,59,70,61,69,72,64,77,80,82,81,83,87,87,83,90,90,90,88,88,85,88,88,85,91,41,41,45,83,83,86,66,68,68,65,64,64,64,72,66,41,52,70,70,71,64,63,31,52,48,47,9,28,0,8,4,36,8,10,10,47,31,61,54,50,17,8,8,16,21,22,20,62,8,8,8,60,8,8,8,8,8,8,8,8,8,8,8,8,8,8,8,8,8,8,8,27]} 1. c4 c6 2. Nf3 d5 3. d4 Nf6 4. Nc3 a6 5. e3 b5 6. b3 Bg4 7. h3 {Recently 7.a4 got a lot of attention.} Bxf3 8. Qxf3 e5 9. dxe5 {D15: Slav Defence: 4 Nc3 a6 and gambit lines after 4 Nc3 dxc4.} Bb4 10. Bd2 Bxc3 $1 11. Bxc3 Ne4 12. Bb4 $1 bxc4 $1 13. e6 fxe6 {[#] Strongly threatening ...Qb6.} 14. bxc4 Nd7 {White must now prevent ...Rf8!} 15. cxd5 cxd5 {And now ...Qb6 would win.} 16. Bd3 $36 {[%mdl 2048] White has the initiative.} Rb8 17. Bxe4 {[#] Intending Qh5+ and mate.} Rxb4 18. Qh5+ Kf8 19. Bd3 g6 20. Qd1 a5 21. O-O Kg7 22. a3 {[#]} Rb2 $146 ({Predecessor:} 22... Rb8 23. Qa4 Rf8 24. Rac1 Rf7 25. Bb5 Nf8 26. Rc5 g5 27. Qg4 h6 28. a4 Rc8 29. Rxc8 Qxc8 {0-1 (60) So,W (2640)-Malakhov,V (2706) Khanty-Mansiysk 2009}) 23. Qc1 Rb3 24. Qc2 a4 25. Rab1 Qc8 26. Rxb3 Qxc2 27. Bxc2 axb3 28. Bxb3 $16 {[%mdl 4096] Endgame KRB-KRN} Nc5 29. Bc2 Ra8 30. Ra1 e5 31. Kf1 d4 32. Ke2 Rd8 {With the idea ...d3+.} 33. exd4 exd4 {Threatening ...d3+.} 34. Kd2 Ra8 35. a4 Kf6 36. Ra3 Ra5 37. h4 Ke5 38. h5 gxh5 39. Rh3 Kf6 40. Rf3+ Ke6 41. Rf4 Nxa4 42. Rxd4 Nc5 43. Rh4 h6 44. Rc4 Kf6 45. g3 Ne6 46. Rc6 Ke7 47. Ke3 Re5+ 48. Be4 Ra5 49. Rb6 Ra3+ 50. Kd2 Nc5 51. Bc2 (51. Bh7 {is more complex.} Nd7 52. Rb7 Kd6 53. Rb4 Ne5 54. Rf4) 51... Ra6 52. Rb5 Kd6 53. Bg6 Ra2+ 54. Ke1 Ra1+ 55. Ke2 h4 56. gxh4 Ne6 {...Nd4+ is the strong threat.} 57. Rb6+ (57. Rb4 $14) 57... Ke5 $11 58. Bb1 Nf4+ (58... Ra4 $11) 59. Kd2 ({White should play} 59. Kf3 $14) 59... Nd5 {The position is equal.} 60. Rb8 Ra4 61. h5 Rd4+ 62. Ke1 Rh4 63. Bg6 Nf4 64. Rb6 Rh1+ 65. Kd2 Nxg6 66. hxg6 Rg1 67. Ke3 Kf5 68. g7 Ke5 {Av CentiPawn Loss W=-4/B=-5. Weighted=-4/-5} 1/2-1/2

[Event "73rd RUS-ch Higher League 2020"]
[Site "Sochi"]
[Date "2020.10.16"]
[Round "8.12"]
[White "Samusenko, Maksim"]
[Black "Zvjaginsev, Vadim"]
[Result "1/2-1/2"]
[WhiteElo "2459"]
[BlackElo "2617"]
[Annotator "TA"]
[PlyCount "80"]
[EventDate "2020.10.08"]
[EventType "swiss"]
[EventCountry "RUS"]
[SourceTitle "playchess.com"]
[Source "ChessBase"]
[SourceQuality "1"]

{[%evp 9,80,0,9,11,15,0,7,0,9,8,45,37,45,30,33,34,34,25,29,29,34,29,26,26,37,33,32,32,35,45,29,26,44,25,23,20,70,33,35,33,40,15,22,21,32,19,19,20,34,0,0,0,0,0,0,0,0,0,0,0,0,0,0,0,0,0,0,0,0,0,0,0,0]} 1. d4 Nf6 2. Bf4 d6 3. Nc3 Nbd7 4. Nf3 c5 5. e3 g6 6. Be2 {A45: Trompowsky Attack.} Bg7 7. h3 O-O 8. O-O a6 9. a4 b6 10. d5 Rb8 11. Re1 Ne8 12. e4 Ne5 13. Qd2 {[#]} Nxf3+ $146 ({Predecessor:} 13... Qc7 14. Bg3 Nxf3+ 15. Bxf3 b5 16. axb5 axb5 17. Qe2 b4 18. Nd1 Be5 19. Bxe5 dxe5 20. c4 b3 21. Ra3 Rb4 22. Ne3 Nd6 {½-½ (22) Leyva,H (2409)-Gonzalez Acosta,B (2428) Valencia 2000}) 14. Bxf3 b5 15. axb5 axb5 16. Bh6 b4 {[#] Hoping for ...Bxh6.} 17. Nd1 e5 18. dxe6 Bxe6 19. Bxg7 Kxg7 20. Ne3 Qf6 21. c3 bxc3 22. bxc3 Rd8 23. Ra7 h5 24. Be2 Kg8 25. Bc4 Bxc4 26. Nxc4 Qe6 $1 {[%cal Re6c4]} 27. Ne3 Nf6 28. f3 d5 29. exd5 (29. e5 $5 {[%cal Re5f6]} d4 30. exf6 dxe3 31. Qxe3 Qxf6 32. Rc7 $14 (32. Qxc5 Rd2 $11)) 29... Nxd5 {The position is equal.} 30. Nxd5 Rxd5 31. Rxe6 Rxd2 $14 {[%mdl 4096] Endgame KRR-KRR} 32. Ree7 Rc2 33. Rac7 Rxc3 34. Re5 Rc1+ 35. Kh2 c4 36. Rec5 Kg7 37. Rxc4 Rxc4 38. Rxc4 Re8 39. h4 Re7 40. Kg3 Ra7 {Av CentiPawn Loss W=-5/B=-5. Weighted=-5/-6} 1/2-1/2

[Event "73rd RUS-ch Higher League 2020"]
[Site "Sochi"]
[Date "2020.10.16"]
[Round "8.13"]
[White "Kobalia, Mikhail"]
[Black "Iljiushenok, Ilia"]
[Result "0-1"]
[WhiteElo "2614"]
[BlackElo "2515"]
[Annotator "TA"]
[PlyCount "82"]
[EventDate "2020.10.08"]
[EventType "swiss"]
[EventCountry "RUS"]
[SourceTitle "playchess.com"]
[Source "ChessBase"]
[SourceQuality "1"]

{[%evp 17,82,11,7,0,35,27,32,19,7,0,0,0,0,0,22,0,12,-20,-14,-32,-25,-53,-60,-106,-13,-30,-48,-157,-166,-175,-166,-190,-163,-183,-28,-259,-245,-253,-252,-293,-287,-278,-278,-272,-250,-267,-273,-562,-539,-580,-444,-414,-358,-557,-558,-795,-804,-801,-801,-774,-764,-773,-768,-831,-762,-1023,-943]} 1. e4 e6 2. d4 d5 3. Nc3 Bb4 4. e5 c5 5. a3 Bxc3+ 6. bxc3 Ne7 7. a4 Qc7 8. Nf3 b6 9. Bb5+ Bd7 10. Bd3 {C19: French: 3 Nc3 Bb4: Main line: 7 Nf3 and 7 a4.} Bc8 11. O-O Ba6 12. Bxa6 {White is slightly better.} Nxa6 13. Qe2 Nb8 14. c4 dxc4 15. dxc5 bxc5 16. Qe4 O-O {[#]} 17. Ra3 $146 ({Much worse is} 17. Qxa8 Nbc6 $17) (17. Ng5 {with more complications.} Ng6 18. f4 Nc6 19. Qxc4 Rac8 20. Ne4) ({Predecessor:} 17. Ng5 Ng6 18. f4 Qc6 19. Qxc4 h6 20. Ne4 Nd7 21. a5 Rab8 22. Qa4 Qxa4 {½-½ (20) Karasalo,J (2457)-Neuer,T (2427) ICCF email 2007}) 17... Qc6 18. Qg4 Nd7 19. Re1 Rab8 {[%cal Ba8b8,Bb8b4,Bb4h4][%mdl 32]} 20. h4 c3 (20... Rb4 $17 21. a5 {[#]} c3 $1 {[%mdl 512]}) 21. Rxc3 $11 Rb4 22. Qh5 (22. Qxb4 $1 $15 cxb4 23. Rxc6 Nxc6 24. Re4) 22... Nf5 $17 ({Resist} 22... Qxa4 23. Ra3 $17) 23. a5 h6 24. Nh2 Rxh4 25. Qe2 Rb8 $2 (25... Ra4 $19 26. Rd3 Rd8) 26. g4 $2 {White does not recover from this.} (26. f4 $1 $11 {and White is okay.}) 26... Nd4 $19 27. Qd3 {Hoping for Qxd4!} Qd5 $40 {[%mdl 128] Black has strong attack.} 28. Qg3 Ne2+ {[%mdl 64] Deflection, Decoy} 29. Rxe2 Qd1+ {[%mdl 64] Double Attack} 30. Kg2 {[#] Threatens to win with Rd2.} Rxh2+ $1 {[%mdl 512]} 31. Kxh2 Qxe2 32. Be3 $2 (32. Qf3 {might work better.} Qxf3 33. Rxf3) 32... Rb4 33. Kh3 Rb1 34. Qg2 {intending f4.} Nxe5 35. Bxc5 (35. f3 $142 Qe1 36. Bd2) 35... Ng6 {...Nf4+ is the strong threat.Black is clearly winning.} 36. Be3 f5 37. Rb3 fxg4+ 38. Kh2 Rf1 39. Rb8+ Kh7 {White must now prevent ...Nh4.} 40. Rb7 a6 41. Rd7 {[#]} Qb5 $1 {[%mdl 64] Double Attack. Av CentiPawn Loss W=-51/B=-23. Weighted=-56/-23} 0-1

[Event "73rd RUS-ch Higher League 2020"]
[Site "Sochi"]
[Date "2020.10.16"]
[Round "8.15"]
[White "Rozum, Ivan"]
[Black "Nesterov, Arseniy"]
[Result "1-0"]
[WhiteElo "2566"]
[BlackElo "2510"]
[Annotator "TA"]
[PlyCount "79"]
[EventDate "2020.10.08"]
[EventType "swiss"]
[EventCountry "RUS"]
[SourceTitle "playchess.com"]
[Source "ChessBase"]
[SourceQuality "1"]

{[%evp 9,79,6,16,-11,10,5,3,4,10,16,18,0,18,28,32,0,25,0,0,-30,-12,-41,-27,-18,-9,-15,0,-20,-11,-11,-11,-11,-13,-16,-13,-11,0,0,0,0,0,0,0,0,0,0,0,0,0,0,0,0,622,621,621,613,586,595,580,556,662,658,646,639,625,610,29976,29977,29977,29978,29978,29979]} 1. c4 e5 2. Nc3 Bb4 3. Qb3 Nc6 4. Nf3 d6 5. e3 Nf6 6. d4 {[#] A21: English Opening: 1...e5 2 Nc3.} exd4 $146 ({Predecessor:} 6... a5 7. d5 Ne7 8. a3 Bxc3+ 9. Qxc3 Ne4 10. Qc2 Nc5 11. e4 O-O 12. Be2 f5 13. Nd2 {0-1 (40) Stahr,R (2138)-Baumert,C (2126) Germany 2013}) 7. Nxd4 Nxd4 8. exd4 {The position is equal.} Bxc3+ 9. Qxc3 O-O 10. f3 Nh5 {Threatens to win with ...Qh4+.} 11. g3 f5 12. Bd2 f4 13. Kf2 Qf6 14. Rg1 ({Wrong is} 14. g4 $2 {[#]} Bxg4 $1 {[%mdl 512]} 15. Re1 Rae8 $19) 14... Bg4 15. Bg2 $1 fxg3+ 16. hxg3 Qg6 17. Rae1 c5 18. dxc5 dxc5 19. Re5 $1 {[%cal Re5g5]} h6 20. f4 Nf6 21. Bxb7 Rad8 {And now ...Rd3 would win.} 22. Bd5+ $1 Rxd5 {[%mdl 64] Remove Defender} 23. cxd5 {aiming for Rge1.} Ne4+ 24. Rxe4 $1 Qxe4 {[%csl Gg4][%cal Re4e2]} 25. Re1 $36 {[%mdl 2048] White has some pressure.} Qxd5 26. Re7 {[%csl Ge7][%cal Rc3g7]} Rf6 27. Qe3 Re6 28. Rxe6 Bxe6 29. Bc3 Bg4 30. Kg1 Qxa2 $2 {[%mdl 8192]} (30... a6 $11) 31. Qe8+ $18 Kh7 32. Qe4+ Kg8 {[#]} 33. Qg6 $1 {[%csl Gc3][%cal Rg6g7][%mdl 576] Double Attack} Qf7 34. Qxg4 Qe7 35. Qc8+ Kh7 {If only Black now had time for ...Qe3+....} 36. Qf5+ Kh8 37. Qe5 Qf8 38. Qe6 {White mates.} Kh7 39. f5 c4 40. Kh2 {Av CentiPawn Loss W=-5/B=-54. Weighted=-6/-77} 1-0

[Event "73rd RUS-ch Higher League 2020"]
[Site "Sochi"]
[Date "2020.10.16"]
[Round "8.16"]
[White "Sviridov, Valery"]
[Black "Murzin, Volodar"]
[Result "1-0"]
[WhiteElo "2558"]
[BlackElo "2465"]
[Annotator "TA"]
[PlyCount "112"]
[EventDate "2020.10.08"]
[EventType "swiss"]
[EventCountry "RUS"]
[SourceTitle "playchess.com"]
[Source "ChessBase"]
[SourceQuality "1"]

{[%evp 20,112,49,41,47,47,47,45,75,49,43,72,131,121,125,139,124,126,159,165,148,121,168,175,183,193,177,175,245,104,102,87,108,73,191,185,200,200,200,198,191,194,196,194,242,237,372,130,102,108,94,96,101,96,97,92,254,292,218,223,220,211,185,170,282,278,237,240,462,402,12850,856,839,822,241,754,690,679,688,672,597,639,542,525,2197,2166,1978,1577,6203,906,906,906,29974,29975,546]} 1. Nf3 Nf6 2. c4 g6 3. g3 Bg7 4. Bg2 O-O 5. O-O d6 6. d4 Nbd7 7. Qc2 e5 8. Rd1 Re8 9. Nc3 a6 10. e4 exd4 11. Nxd4 Ne5 {E60: King's Indian: Unusual lines and Fianchetto Variation without Nc3.} 12. c5 Bd7 13. f4 Nc4 {White is slightly better.} 14. b3 dxc5 15. Nf3 {[#]} Nb6 $146 ({Black should try} 15... Nxe4 16. Nxe4 Bxa1) ({Predecessor:} 15... Nxe4 16. Nxe4 Bxa1 17. Qxc4 Qe7 18. Ba3 Bb5 19. Qc2 Qxe4 20. Qxe4 Rxe4 21. Rxa1 Rd8 {½-½ (43) Stefanov,V (2222)-Golubenko,A (2234) ICCF email 2017}) 16. e5 $1 $16 Ng4 17. Ne4 Qc8 18. Nxc5 Bc6 19. h3 Nh6 20. Qf2 Nf5 21. Bb2 Nd5 22. Re1 $1 b6 23. Ne4 Qb7 (23... a5 $142 24. g4 Nxf4) 24. Nd4 (24. Nfg5 $1 $18) 24... Nxd4 25. Bxd4 Rad8 26. Rad1 Qa8 (26... Qc8 $16 {was worth a try.}) 27. g4 $18 Rd7 28. f5 $1 Qd8 {[#]} 29. e6 $1 {[%cal Re6d7][%mdl 512]} Bxd4 (29... fxe6 30. f6) 30. exf7+ ({Don't do} 30. Qxd4 $6 fxe6 31. fxg6 hxg6 $16) 30... Rxf7 31. Rxd4 ({Much less strong is} 31. Qxd4 $6 gxf5 32. gxf5 Rxf5 $16) 31... gxf5 32. gxf5 h6 (32... Qd7 $142) 33. Nc3 $2 (33. Red1 $18 {and White stays clearly on top.}) 33... Rxe1+ $16 34. Qxe1 Qe7 35. Qg3+ Rg7 36. Nxd5 Bxd5 37. Bxd5+ Kh8 $2 {This move loses the game for Black.} (37... Kf8 $16 38. Rg4 Qc5+ 39. Kh2 Rxg4 40. hxg4 Qxd5) 38. Rg4 $18 Qc5+ 39. Kh2 Rxg4 40. hxg4 {Intending Qe5+ and mate.} ({Worse is} 40. Qxg4 Qxd5 41. Kg3 Qd3+ 42. Kh4 Qd6 $11) 40... Qxd5 41. Qxc7 {[%mdl 4096] Endgame KQ-KQ} Qd2+ (41... Qd4 $142) 42. Kh3 Qe3+ {[#]} 43. Qg3 $1 {[%cal Rg3e3]} Qc5 $2 (43... Qd4 44. Qb8+ Kg7 45. Qc7+ Kf8 46. Qc8+ Kg7) 44. Qe1 Qc6 (44... Kg7 $142 45. Qe6 Qc1 46. Qg6+ Kf8 47. Qxb6 Qh1+ 48. Kg3 Qe1+ 49. Qf2 Qc3+ 50. Qf3 Qe1+ 51. Qf2 Qc3+ 52. Kg2 Qc6+ 53. Qf3 Qd6) 45. Qe6 (45. Qe5+ $142 Kh7 46. Qe7+ Kh8 47. Kg3) 45... Qf3+ 46. Kh4 Qh1+ 47. Kg3 Qg1+ 48. Kf4 Qd4+ 49. Qe4 Qd8 50. Qe5+ Kh7 51. Ke4 Qd2 52. Qe7+ Kg8 53. Qe6+ Kh7 54. Qg6+ (54. Qf7+ $142 Kh8 55. Qf8+ Kh7 56. Qe7+ Kg8 57. f6 Qc2+ 58. Kd5) 54... Kh8 55. Qxb6 Qe2+ 56. Kd5 Qf3+ {Av CentiPawn Loss W=-53/B=545. Weighted=-79/451} 1-0

[Event "73rd RUS-ch Higher League 2020"]
[Site "Sochi"]
[Date "2020.10.16"]
[Round "8.17"]
[White "Lobanov, Sergei"]
[Black "Ovchinnikov, Vsevolod"]
[Result "1-0"]
[WhiteElo "2510"]
[BlackElo "2349"]
[Annotator "TA"]
[PlyCount "111"]
[EventDate "2020.10.08"]
[EventType "swiss"]
[EventCountry "RUS"]
[SourceTitle "playchess.com"]
[Source "ChessBase"]
[SourceQuality "1"]

{[%evp 15,111,0,0,-4,16,13,22,9,35,15,17,20,12,15,46,39,103,85,108,89,101,104,201,119,130,120,177,166,186,175,210,183,191,110,156,120,133,132,179,179,189,198,366,359,481,466,471,470,460,453,460,418,506,552,558,520,537,528,570,568,565,537,156,429,266,297,384,418,1545,1439,1464,52,1396,1297,1045,599,599,599,599,542,534,499,476,383,12845,4133,29982,29983,29983,29984,29984,29983,29983,29984,29984,29985,29953,5624]} 1. e4 e6 2. d4 d5 3. Nc3 Bb4 4. e5 c5 5. a3 Bxc3+ 6. bxc3 Ne7 7. h4 Qa5 8. Bd2 Qa4 9. h5 {C18: French: 3 Nc3 Bb4: Main line: 7 h4 and 7 Qg4.} b6 10. h6 gxh6 11. Bxh6 {The position is equal.} Ba6 {[#]} 12. g4 $146 ({Predecessor:} 12. Qd2 Bxf1 13. Kxf1 Nd7 14. Ne2 Rc8 15. Rc1 Qxa3 16. Kg1 Nf5 17. Bf4 cxd4 18. cxd4 {1-0 (40) Gopal,G (2575)-L'Ami,A (2393) Jakarta 2015}) 12... Bxf1 13. Kxf1 Nd7 14. Ne2 Rc8 15. Rc1 Qxa3 (15... a6 $14) 16. Ra1 $16 Qb2 17. Rxa7 Nc6 18. Ra1 $1 Na5 (18... Ne7 $16) 19. Rc1 (19. Bg7 $1 $18 {[%cal Rg7h8]} Rg8 20. Rxh7) 19... Qb5 20. f3 cxd4 (20... Rg8 $16) 21. cxd4 $18 Rc3 22. Kf2 Ra3 23. Qd2 Rg8 24. Qf4 (24. Ra1 $18 Rxa1 25. Rxa1) 24... Qc4 25. Bg5 Nf8 26. Ra1 Rxa1 27. Rxa1 Rg6 28. Qd2 $40 {[%mdl 128] White attacks with force.} Nd7 $2 (28... Rg8 29. Qc1 Qc7) 29. Bh4 Kf8 30. Nf4 Rg8 31. Nh5 Rg6 32. Kg3 Ke8 33. Qe3 Kf8 34. Qa3+ Kg8 35. Qe7 {Qe8+ would kill now.} Qc8 36. Nf4 Nc6 37. Nxg6 hxg6 38. Qd6 Nxd4 39. Bf6 $2 (39. c4 $16 Ne2+ 40. Kh2) 39... Nxf6 40. exf6 Nxf3 {[%mdl 4096] Endgame [#] KQR-KQN} 41. Qa3 $1 Nd2 (41... Ng5 $142 42. Qa8 Qxa8 43. Rxa8+ Kh7) 42. Qa8 Qxa8 43. Rxa8+ {KR-KN} Kh7 {[#]} 44. g5 $1 e5 45. Rf8 Ne4+ 46. Kg4 Nd6 47. Kf3 b5 48. Ke2 b4 49. Kd3 d4 $2 (49... Nf5 50. Rxf7+ Kg8) 50. Rd8 (50. Rb8 $142 Nf5 51. Rxb4) 50... e4+ 51. Kxd4 {White mates.} Nb5+ 52. Kxe4 Nc7 {[#]} 53. Rd7 $1 Ne6 54. Rxf7+ Kg8 55. Re7 Nxg5+ 56. Kd5 {Av CentiPawn Loss W=-62/B=-89. Weighted=-47/-97} (56. Kf4 $142 Nf7 57. Re8+ Kh7 58. Rf8 Nd6 59. Ke5 Nf5 60. Rb8 Nh6 61. Ke6) 1-0